[Event "Province VR 80th"]
[Site "Zevio Verona"]
[Date "2020.01.25"]
[Round "2.12"]
[White "Bonavigo, Claudio"]
[Black "Jirillo, Antonio"]
[Result "1-0"]
[WhiteElo "1759"]
[BlackElo "1503"]
[PlyCount "109"]
[EventDate "2020.01.24"]
[EventType "swiss"]
[EventRounds "5"]
[EventCountry "ITA"]
[SourceTitle "EXT 2024"]
[Source "ChessBase"]
[SourceDate "2023.10.10"]
[SourceVersion "1"]
[SourceVersionDate "2023.10.10"]
[SourceQuality "1"]

1. e4 e6 2. d3 Nc6 3. g3 d5 4. Nd2 Nf6 5. Bg2 dxe4 6. Nxe4 Nxe4 7. Bxe4 Bd7 8. Bg2 g6 9. Nf3 h6 10. 0-0 Bg7 11. c3 Qe7 12. Qe2 0-0-0 13. Be3 f5 14. Nh4 Qf7 15. f4 Bf6 16. Nf3 Rdg8 17. d4 g5 18. Ne5 Bxe5 19. dxe5 g4 20. b4 Nb8 21. Bxa7 Bc6 22. a4 h5 23. b5 Bxg2 24. Qxg2 h4 25. a5 hxg3 26. hxg3 Qh7 27. a6 bxa6 28. Bxb8 Qh3 29. Ba7 Qxg2+ 30. Kxg2 axb5 31. Bg1 Kd7 32. Rfd1+ Kc6 33. Ra7 Rd8 34. Rxd8 Rxd8 35. Ra1 Rd2+ 36. Bf2 Rc2 37. Ra3 Kd5 38. Kf1 Kc4 39. Be1 c5 40. Ra6 b4 41. cxb4 cxb4 42. Rc6+ Kb3 43. Rxc2 Kxc2 44. Bxb4 Kd3 45. Ba5 Ke3 46. Bb6+ Kf3 47. Bf2 Ke4 48. Ke2 Kd5 49. Kd3 Kc6 50. Kc4 Kc7 51. Kc5 Kd7 52. Be1 Kc7 53. Ba5+ Kd7 54. Bb6 Ke7 55. Kc6 1-0